Les pays les plus proches de Etats-Unis par continent - Statistiques

Statistiques générales
  • Ce quiz a été pris 375 fois
  • Le résultat moyen est 25 sur 30
Statistiques - réponses
Continent Distance Country % Correct
Amérique du Nord 0 mi Mexique
99%
Amérique du Nord 0 mi Canada
98%
Asie 4 km Russie
95%
Europe 4114 km Royaume-Uni
93%
Amérique du sud 2840 km Brésil
92%
Amérique du sud 1695 km Colombie
92%
Amérique du Nord 150 km Cuba
92%
Europe 3262 km Islande
92%
Asie 2199 km Japon
92%
Asie 2679 km Chine
91%
Europe 4532 km Espagne
90%
Europe 4048 km Irlande
90%
Afrique 5089 km Maroc
90%
Amérique du sud 1805 km Venezuela
90%
Asie 3703 km Corée du Sud
89%
Europe 2982 km Portugal
89%
Amérique du sud 2595 km Équateur
88%
Amérique du sud 2826 km Pérou
87%
Asie 3288 km Corée du Nord
86%
Afrique 5682 km Sénégal
84%
Amérique du Nord 85 km Bahamas
82%
Afrique 5274 km Mauritanie
80%
Amérique du Nord 758 km Jamaïque
76%
Afrique 5379 km Algérie
75%
Afrique 4949 km Cabo Verde
72%
Océanie 4039 km Samoa
70%
Océanie 1666 km Kiribati
69%
Océanie 3424 km Îles Marshall
68%
Océanie 4001 km Tuvalu
68%
Océanie 4347 km Nauru
64%
Aucun quiz correspondant
Distribution des résultats
% des personnes avec chaque résultat
Percentile par nombre de réponses
Votre historique - résultats
Vous n’avez pas pris ce quiz